Quizzes
Events
Quiz Creation
Community
Videos
Private Events
Remove Ads
Sign In
Join for FREE
Feedback
Dark Mode
Quiz Categories
Sports
Geography
Music
Movies
Television
Just For Fun
Miscellaneous
History
Literature
Language
Science
Gaming
Entertainment
Religion
Holiday
For Kids
Quiz Lab
Recent
Popular Today
Quiz Kudos Today
Editor Picks
Curator Picks
Quizzes by...
Day
Popularity
Type
Ratings
Length
Year
Community
Subscriptions
Recent Discussions
Orange Saloon
Badges
Playlists
Quests
Create
Leaderboards
Showdown
Live 5
Trivia Bingo
Activity
Puzzle Library
Sporcle Events
Private Events
Virtual Trivia
Globe League
Become a Host
Pub Owners
SporcleCon
Opinionation
Our Games
Videos
Blog
Mobile Apps
Partnerships
Remove Ads and Go Orange
Feedback
Sports
Athletes
MLB
NBA
NHL
NFL
Soccer
Sports Teams
WWE
NCAA
Football
Premier League
Basketball
Baseball
Hockey
Golf
Tennis
Cricket
Rugby
Auto Racing
Olympics
World Cup
Sports
Athletes
MLB
NBA
NHL
NFL
Soccer
Sports Teams
WWE
NCAA
Football
Premier League
Basketball
Baseball
Hockey
Golf
Tennis
Cricket
Rugby
Auto Racing
Olympics
World Cup
Random Quiz
Search Sporcle
×
Quiz Lab
Quiz Lab
Sports
CONCACAF Members
Type in answers that appear in a list
Type in answers that appear in a list
Classic
Best Score? Go Orange.
CONCACAF Gold Cup/Championship Countries Stats
Can you name the CONCACAF Gold Cup Countries?
By
Simon77nufc
4m
25 Questions
423 Plays
423 Plays
423 Plays
Comments
Comments
Give Quiz Kudos
Give Quiz Kudos
-
- Ratings
hide this ad
More Info
Replay
Link that replays current quiz
Next Quiz
Link to next quiz in quiz playlist
You Got
0%
They Got
Avg Score
67%
Avg Friend Score
Upgrade to see
Score Distribution
Jump to the score distribution portion of the page
Score
0/25
Timer
04:00
0
Plays Today
Best Place
Country
% Correct
1st x8
Mexico
100%
1st x4
United States
100%
1st x2
Canada
97.6%
2nd
Panama
95.3%
1st x3
Costa Rica
95%
3rd
Jamaica
94.1%
1st
Honduras
93.9%
4th
Cuba
91%
1st
Haiti
88.7%
1st
Guatemala
87.7%
2nd x2
El Salvador
86.8%
2nd
Trinidad and Tobago
83.9%
6th
Nicaragua
79.4%
Best Place
Country
% Correct
2nd x2 *
Brazil
63.4%
2nd *
Colombia
56.5%
6th
Suriname
55.8%
Group Stage
Grenada
54.8%
3rd *
Peru
47.8%
Group Stage *
Ecuador
40.9%
3rd
Guadeloupe
39.7%
Quarter Finals
Martinique
38.5%
4th *
South Korea
36.2%
Quarter Finals *
South Africa
22.9%
Group Stage
St Vincent and the Grenadines
22.7%
3rd x2
Netherlands Antilles
22%
Quiz Playlist
Details
Report
Send in Message
Add To Playlist
More Info:
* means not part of CONCACAF
Classic:
Type in answers that appear in a list
Last Updated: Feb 16, 2017
Quiz Scoreboard
CHALLENGE
Sign Up to Join the Scoreboard
Show All
Scores
Hide
Comments
May contain spoilers
Recently Published
Popular People in 1961
by mucciniale
History
6m
1-10 Letter E Words III
by El_Dandy
Language
2m
One Thing in Common: World Cities II
by knightlancer
Geography
7m
More to Explore
Quiz From the Vault
Featured Blog Post
Where Did the Easter Bunny Come From?
hide this ad
You Might Also Like...
Tags
concacaf
CONCACAF Gold Cup
CONCACAF Members
CONCACAF National
Today's Top Quizzes in Sports
Browse Sports
hide this ad
Top Contributed Quizzes in Sports
1
Les meilleurs buteurs des matchs entre le PSG et l’OM
2
Les entraîneurs de l'OM et du PSG au 21e siècle
3
FIFA Club World Cup Champions
4
2022 World Cup Stars
5
Name the Premier League winners with different clubs
6
La finale Lions - Afrique du Sud 2021
7
Criteria MLB: Left Handed Sluggers
8
Players with Multiple 50 Home Run Seasons
9
MLB Players with Two .350 Batting Average Seasons
10
MLB Hall of Famer by Rings
Explore More
Trending Topics
Anime
Marvel
Disney
Harry Potter
NBA
Kpop
Crossword
The Office
Soccer
Country
Song
Pokémon
NFL
Puzzle
WWE
hide this ad
More By:
Simon77nufc
Quiz
Plays
Rating
Category
Featured
Created
Formula 1 Race Circuits
4,863
2.12
Sports
Oct 1, 2009
100 Greatest F1 Drivers
2,313
3.86
Sports
Dec 8, 2009
UCI Protour Cycling Teams 2005-10
1,428
2.29
Sports
Apr 28, 2010
Newcastle United Squad 2009/10
726
3.75
Sports
Sep 23, 2009
Tour de France Riders 2010
717
4.75
Sports
Jul 6, 2010
Go to Creator's Profile
Score Distribution
Quiz Creator Spotlight
Simon77nufc
Follow
Send a Message
Quizzes Created
-
Created Quiz Play Count
-
More By This Creator
Popular Quizzes Today
1
Find the US States - No Outlines Minefield
2
Find the Countries of Europe - No Outlines Minefield
3
The Countries of the World
4
Popular People in 1961
5
1-10 Letter E Words III
6
Find the US States
7
One Thing in Common: World Cities II
8
US States
More Sports Quizzes
River Plate's Number 9's
Quiz Lab
Trending Quizzes
Risky Map Clicking: Least Populous States A-Z
1-10 Letter F Words
1-10 Letter G Words
One Thing in Common: United Kingdom
Risky Map Clicking: Biggest States A-Z
Recently Updated
Leaping Animals
pecheneg
Reality TV Shows (A-Z)
bhenderson79
Rickey Henderson's Hall of Fame Teammates
pecheneg
Champions League XIs: Arsenal
pecheneg
Quick Pick: Celebrities in WWE's Hall of Fame
aduchscher
A-Z Keypad Blitz II
pecheneg
Multiple Oscar Actors
pecheneg
Mystery Phrase Blitz: Oscar 'Best Actors'
pecheneg
F. Scott Fitzgerald Novels
LTH
Pick 3 Villains
ddd62291
Trending Topics
Marvel
Kpop
Harry Potter
Anime
Crossword
NBA
Disney
Pokémon
Song
Puzzle
WWE
Country
NFL
Soccer
The Office
Your Account Isn't Verified!
In order to create a playlist on Sporcle, you need to verify the email address you used during registration. Go to your
Sporcle Settings
to finish the process.
Report this User
Report this user for behavior that violates our
Community Guidelines
.
Details:
Send Report
Go to the Sporcle.com Mobile Site →
Comments